000 00831nam a2200241Ia 4500
003 OSt
005 20220923215633.0
006 a|||||r|||| 00| 0
007 ta
008 220922b |||||||| |||| 00| 0 hin d
024 _a180,483
037 _cTextual
040 _aARTS
_cARTS
_bhin
041 _2hin
_ahin
082 _aO152,1N26,14:g, M6;N0
100 _aगौतम, सुरेश; गौतम, वीणा
245 0 _aअन्धायुग की रचना मानसिकता
246 _aAndhāyug kī rachanā mānasikatā
260 _aदिल्ली
_b सहयोग प्रकाशन
_c1990
300 _a156 पृ.
_ccm.
942 _hO152,1N26,14:g, M6;N0
_cTEXL
_2CC
999 _c333861
_d333861